Gaming Quiz

Random Gaming or Pokémon Quiz
Score 0/37 Timer 05:00
0 Plays Today
Pokédex # Pokémon Name % Correct
252Treecko
98.1%
254Sceptile
98.1%
256Combusken
98.1%
255Torchic
98.1%
261Poochyena
98.1%
272Ludicolo
98.1%
378Regice
98.1%
309Electrike
96.2%
310Manectric
96.2%
366Clamperl
96.2%
385Jirachi
96.2%
290Nincada
94.2%
344Claydol
94.2%
377Regirock
94.2%
266Silcoon
92.3%
268Cascoon
92.3%
318Carvanha
92.3%
323Camerupt
92.3%
339Barboach
92.3%
Pokédex # Pokémon Name % Correct
342Crawdaunt
92.3%
346Cradily
92.3%
308Medicham
90.4%
340Whiscash
90.4%
341Corphish
90.4%
352Kecleon
90.4%
369Relicanth
90.4%
373Salamence
90.4%
301Delcatty
88.5%
331Cacnea
88.5%
332Cacturne
88.5%
350Milotic
88.5%
356Dusclops
88.5%
370Luvdisc
88.5%
338Solrock
86.5%
328Trapinch
84.6%
358Chimecho
82.7%
351Castform
78.8%
Remove Ads.
Support Sporcle.
Get the best of Sporcle when you Go Orange. This ad-free experience offers more features, more stats, and more fun while also helping to support Sporcle. Thank you for becoming a member.

You're not logged in!

Compare scores with friends on all Sporcle quizzes.
OR
Log In

Show Comments

Extras

Created Jan 3, 2019ReportNominate
Tags:Pokémon Quiz, All Pokémon

Top Quizzes Today


Score Distribution

Your Account Isn't Verified!

In order to create a playlist on Sporcle, you need to verify the email address you used during registration. Go to your Sporcle Settings to finish the process.

Report this User

Report this user for behavior that violates our Community Guidelines.

Details: